[Event "Heusenstamm Sparkassen Open"]
[Site "Heusenstamm"]
[Date "2017.11.24"]
[Round "2.16"]
[White "Thinius, Marco"]
[Black "Mueller, Werner"]
[Result "1/2-1/2"]
[WhiteElo "2375"]
[BlackElo "2103"]
[PlyCount "116"]
[EventDate "2017.??.??"]

1. c4 c5 2. g3 Nc6 3. Bg2 g6 4. Nc3 Bg7 5. Nf3 d6 6. O-O Nf6 7. d4 cxd4 8. Nxd4
O-O 9. Nxc6 bxc6 10. Bxc6 Rb8 11. Bg2 Qa5 12. Qc2 Be6 13. Bd2 Rfc8 14. b3 Qh5
15. Rac1 d5 16. Bf4 Rb6 17. cxd5 Rxc3 18. Qxc3 Ng4 19. h3 Bxc3 20. dxe6 Qa5 21.
exf7+ Kxf7 22. hxg4 Bd2 23. Rc2 Bxf4 24. gxf4 g5 25. Bf3 gxf4 26. Rd1 Rg6 27.
Rc4 Qxa2 28. Rxf4+ Rf6 29. Rxf6+ Kxf6 30. Rd3 a5 31. Kg2 h6 32. Rc3 e6 33. Rc5
Qd2 34. Rc4 Ke7 35. e3 Qb2 36. Rc5 Qxb3 37. Rxa5 Qb2 38. Rh5 Qg7 39. Rb5 Kf6
40. Rh5 Ke7 41. Kg3 Kf8 42. Be4 Qf6 43. Rb5 Kg8 44. Bg2 Qc3 45. Be4 Qa1 46. Kg2
Qc3 47. Bf3 Kg7 48. Rb7+ Kg8 49. Rb6 Qe5 50. Rb4 Kf7 51. Re4 Qb2 52. Rf4+ Ke7
53. Be4 Qe5 54. Bg6 Kd6 55. Rd4+ Ke7 56. Bd3 h5 57. gxh5 Qxh5 58. Kf1 Qd1+
1/2-1/2

[Event "Sparkassen-Open A"]
[Site "Heusenstamm, Martinsee"]
[Date "2017.11.24"]
[Round "2.17"]
[White "Rondonuwu, Grover"]
[Black "Biriukov, Nikolai"]
[Result "0-1"]
[WhiteElo "2098"]
[BlackElo "2393"]
[PlyCount "66"]
[EventDate "2017.??.??"]
[WhiteTeam "Frankfurter TV"]
[BlackTeam "Bahn-SC Wuppertal"]

1. d4 f5 2. Nf3 Nf6 3. Bg5 e6 4. e3 d5 5. c4 c6 6. Nbd2 Nbd7 7. Be2 h6 8. Bh4
Bd6 9. O-O O-O 10. Rc1 Qe8 11. c5 Bc7 12. b4 a6 13. Bg3 e5 14. dxe5 Nh5 15. Bh4
Nxe5 16. Nxe5 Qxe5 17. f4 Qxe3+ 18. Bf2 Qxf4 19. g3 Nxg3 20. hxg3 Qxb4 21. Bf3
Qb2 22. Rc2 Qf6 23. Nb3 Qg6 24. Kh2 Qg5 25. Re1 h5 26. Rg1 h4 27. Qe1 Bd7 28.
Re2 Rf6 29. Rg2 Rg6 30. Kg1 hxg3 31. Bd4 Kf7 32. Bb2 Rh8 33. Be5 Qh4 0-1

[Event "Sparkassen-Open A"]
[Site "Heusenstamm, Martinsee"]
[Date "2017.11.24"]
[Round "2.18"]
[White "Pfreundt, Jakob"]
[Black "Browning, Alex"]
[Result "1-0"]
[WhiteElo "2391"]
[BlackElo "2095"]
[PlyCount "65"]
[EventDate "2017.??.??"]
[WhiteTeam "Königsspr. SC"]
[BlackTeam "MS Halver-Schalksmühle"]

1. Nf3 Nf6 2. d4 g6 3. Nc3 d5 4. Bf4 Bg7 5. e3 O-O 6. Be2 b6 7. Ne5 Bb7 8. h4
Nbd7 9. h5 Nxe5 10. Bxe5 Ne4 11. Nxe4 Bxe5 12. dxe5 dxe4 13. Bc4 Qc8 14. e6
fxe6 15. Qd4 Rf6 16. g4 b5 17. g5 Rf7 18. Bxb5 e5 19. Qxe5 Qf5 20. Qxf5 Rxf5
21. Bc4+ Kf8 22. Rg1 Rd8 23. Rg4 Ke8 24. Rd1 Bd5 25. Bb5+ c6 26. Ba4 Rc8 27. b3
Kf7 28. Rf4 Rxf4 29. exf4 Be6 30. Rd4 Bf5 31. b4 e5 32. fxe5 Rc7 33. e6+ 1-0

[Event "Sparkassen-Open A"]
[Site "Heusenstamm, Martinsee"]
[Date "2017.11.24"]
[Round "2.19"]
[White "Winterberg, Lukas"]
[Black "Neininger, Ralph"]
[Result "1-0"]
[WhiteElo "2384"]
[BlackElo "2069"]
[PlyCount "47"]
[EventDate "2017.??.??"]
[WhiteTeam "SC Heimbach-Weis"]
[BlackTeam "Frankfurter TV"]

1. d4 d5 2. c4 dxc4 3. Nf3 Nf6 4. e3 b5 5. a4 b4 6. Nbd2 e6 7. Nxc4 c5 8. Be2
Nc6 9. Nce5 Bb7 10. Bb5 Qb6 11. Ng5 Be7 12. Qd3 a6 13. Bxc6+ Bxc6 14. Nexf7 O-O
15. Ne5 h6 16. Nc4 Qb7 17. Nxe6 Be4 18. Qe2 Rfe8 19. f3 cxd4 20. fxe4 Qxe4 21.
Nxd4 Bc5 22. Nb3 Bf8 23. O-O Rac8 24. Nbd2 1-0

[Event "Sparkassen-Open A"]
[Site "Heusenstamm, Martinsee"]
[Date "2017.11.24"]
[Round "2.20"]
[White "Karimi, Farhad"]
[Black "Jahncke, Giso"]
[Result "0-1"]
[WhiteElo "2097"]
[BlackElo "2352"]
[PlyCount "74"]
[EventDate "2017.??.??"]
[WhiteTeam "Satranç Club"]
[BlackTeam "FC ST.Pauli"]

1. b3 g6 2. Bb2 Nf6 3. e4 c5 4. e5 Nd5 5. c4 Nc7 6. e6 f6 7. h4 Nxe6 8. h5 Rg8
9. hxg6 hxg6 10. Nc3 Nc6 11. Nd5 d6 12. Bd3 Ned4 13. Rh7 Ne5 14. Be4 Bg4 15. f3
Bf5 16. Bxd4 Bxe4 17. fxe4 cxd4 18. b4 Rg7 19. Rxg7 Bxg7 20. a4 Kf7 21. Qb3 e6
22. Nf4 Qd7 23. Nge2 Rh8 24. O-O-O g5 25. Nh3 Nxc4 26. Nxd4 b5 27. Rf1 Ke7 28.
Re1 Rc8 29. Kd1 Bh6 30. Nf2 Ne5 31. Qh3 Rh8 32. Qg3 Bg7 33. Nb3 Qc6 34. d4 Rc8
35. Re2 Ng6 36. d5 Qc4 37. dxe6 Nf4 0-1

[Event "Sparkassen-Open A"]
[Site "Heusenstamm, Martinsee"]
[Date "2017.11.24"]
[Round "2.21"]
[White "Sai Agni Jeevitesh, J."]
[Black "Kuznetsov, Volodymyr"]
[Result "1-0"]
[WhiteElo "2364"]
[BlackElo "2088"]
[PlyCount "107"]
[EventDate "2017.??.??"]
[WhiteTeam "vereinslos"]
[BlackTeam "SG Idstein"]

1. d4 Nf6 2. c4 g6 3. Nc3 Bg7 4. e4 d6 5. f3 Nbd7 6. Nge2 e5 7. Be3 c5 8. d5 a6
9. Qd2 Rb8 10. a4 Qa5 11. Nc1 O-O 12. Bd3 Nh5 13. N3e2 Qxd2+ 14. Kxd2 f5 15.
exf5 gxf5 16. Ng3 Nxg3 17. hxg3 Nf6 18. Ne2 a5 19. Nc3 Bd7 20. Rh4 Rbe8 21. Nb5
Bxb5 22. axb5 e4 23. Bc2 b6 24. Bf4 Rd8 25. Re1 Rd7 26. b3 Re8 27. g4 fxg4 28.
fxg4 h6 29. Reh1 Ree7 30. Bxh6 Bxh6+ 31. Rxh6 Nxg4 32. Rh8+ Kg7 33. Bxe4 Nf2
34. R1h7+ Kf6 35. Rxe7 Rxe7 36. Bf3 Ne4+ 37. Bxe4 Rxe4 38. Kd3 Rg4 39. Rb8 Ke5
40. Re8+ Kf5 41. Re2 Rg3+ 42. Kc2 Kf4 43. Kb2 Kf5 44. Ka3 Rg6 45. Ka2 Rg4 46.
Ka3 Rg6 47. Re8 Rxg2 48. Rb8 Ke5 49. Rxb6 Rg1 50. Ra6 Kd4 51. b6 Kc3 52. Ka4
Rb1 53. Rxa5 Rxb3 54. Rb5 1-0

[Event "Sparkassen-Open A"]
[Site "Heusenstamm, Martinsee"]
[Date "2017.11.24"]
[Round "2.22"]
[White "Schnepp, Gunnar"]
[Black "Schnelting, Michael"]
[Result "1/2-1/2"]
[WhiteElo "2349"]
[BlackElo "2075"]
[PlyCount "53"]
[EventDate "2017.??.??"]
[WhiteTeam "SK Lauffen"]
[BlackTeam "SK Werne"]

1. e4 d6 2. d4 Nf6 3. Nc3 e5 4. Nf3 exd4 5. Nxd4 Be7 6. g3 O-O 7. Bg2 Re8 8.
O-O Bf8 9. b3 Nbd7 10. Bb2 Nc5 11. Re1 c6 12. Qd2 a5 13. h3 Qc7 14. Rad1 Bd7
15. a4 Rad8 16. g4 Bc8 17. Nf5 Bxf5 18. gxf5 h6 19. Qf4 Qe7 20. Re3 Kh7 21.
Rde1 Nfd7 22. h4 Nf6 23. Bf3 Qe5 24. Qg3 Qxg3+ 25. fxg3 Nfd7 26. g4 Be7 27. h5
1/2-1/2

[Event "Sparkassen-Open A"]
[Site "Heusenstamm, Martinsee"]
[Date "2017.11.24"]
[Round "2.23"]
[White "Klundt, Klaus"]
[Black "Held, Carsten"]
[Result "1/2-1/2"]
[WhiteElo "2332"]
[BlackElo "2070"]
[PlyCount "60"]
[EventDate "2017.??.??"]
[WhiteTeam "SC Heusenstamm"]
[BlackTeam "SC Ladja Roßdorf"]

1. e4 c5 2. Nf3 g6 3. d4 cxd4 4. Nxd4 Bg7 5. c4 Nc6 6. Be3 Nf6 7. Nc3 d6 8. Be2
O-O 9. O-O Bd7 10. h3 Nxd4 11. Bxd4 Bc6 12. Qc2 Nd7 13. Bxg7 Kxg7 14. Rad1 a5
15. Bg4 Ra6 16. a4 Qb8 17. f4 f6 18. Rfe1 Nc5 19. b3 b6 20. Nd5 Ra7 21. Qb2 e5
22. f5 g5 23. Re3 Rh8 24. Bh5 Bxd5 25. Rxd5 Kf8 26. Qd2 Ke7 27. Rxc5 bxc5 28.
Qd5 Qg8 29. Qc6 Qa8 30. Qxa8 Rhxa8 1/2-1/2

[Event "Sparkassen-Open A"]
[Site "Heusenstamm, Martinsee"]
[Date "2017.11.24"]
[Round "2.24"]
[White "Konik, Michael"]
[Black "Solonar, Stefan"]
[Result "0-1"]
[WhiteElo "2085"]
[BlackElo "2315"]
[PlyCount "58"]
[EventDate "2017.??.??"]
[WhiteTeam "SK Mainaschaff"]
[BlackTeam "SC Heusenstamm"]

1. e4 c5 2. Nc3 Nc6 3. f4 g6 4. Nf3 Bg7 5. Bc4 e6 6. O-O Nge7 7. Qe1 O-O 8. d3
d5 9. Bb3 Na5 10. Bd2 c4 11. dxc4 dxc4 12. Ba4 a6 13. b4 Nac6 14. Bxc6 Nxc6 15.
a3 b5 16. Rd1 Bb7 17. f5 exf5 18. Bg5 Qe8 19. Nd5 Qxe4 20. Qg3 Nd4 21. Nxd4
Bxd4+ 22. Be3 Bxe3+ 23. Nxe3 Kh8 24. Rde1 Qc6 25. Rf4 Rfe8 26. Rh4 Re4 27. Rh3
f4 28. Qh4 h5 29. g4 Rxe3 0-1

[Event "Sparkassen-Open A"]
[Site "Heusenstamm, Martinsee"]
[Date "2017.11.24"]
[Round "2.25"]
[White "Cichy, Michael"]
[Black "Legde, Georg"]
[Result "1/2-1/2"]
[WhiteElo "2078"]
[BlackElo "2306"]
[PlyCount "78"]
[EventDate "2017.??.??"]
[WhiteTeam "SC BS Gliesmarode"]
[BlackTeam "Freibauer Mörlenbach"]

1. d4 Nf6 2. Nf3 e6 3. c4 b6 4. g3 Bb4+ 5. Bd2 a5 6. Bg2 Bb7 7. O-O O-O 8. Nc3
d6 9. Qc2 Nbd7 10. b3 Qb8 11. a3 Bxc3 12. Bxc3 Be4 13. Qb2 Qb7 14. Nh4 Bxg2 15.
Nxg2 b5 16. Qc2 Rfb8 17. Rfb1 h6 18. a4 Qe4 19. Ne3 b4 20. Qxe4 Nxe4 21. Be1
Rb7 22. Rb2 Nef6 23. Rd1 Rd8 24. f3 Kf8 25. Bf2 Ke7 26. d5 Nb6 27. Nc2 exd5 28.
Bxb6 cxb6 29. cxd5 Rc7 30. e4 Rc3 31. Nd4 Kf8 32. Kf2 Ne8 33. Rdd2 g6 34. Rdc2
Rc5 35. Ke3 Rd7 36. Kd3 Ke7 37. Nc6+ Kf8 38. Nd4 Ke7 39. Nc6+ Kf8 1/2-1/2

[Event "Sparkassen-Open A"]
[Site "Heusenstamm, Martinsee"]
[Date "2017.11.24"]
[Round "2.26"]
[White "Boe, Mads"]
[Black "Müdder, Rafael"]
[Result "1-0"]
[WhiteElo "2297"]
[BlackElo "2067"]
[PlyCount "67"]
[EventDate "2017.??.??"]
[WhiteTeam "SG Turm Kiel"]
[BlackTeam "SG Solingen"]

1. d4 f5 2. Nc3 Nf6 3. Bg5 d5 4. Bxf6 exf6 5. e3 Be6 6. Bd3 Qd7 7. Nge2 Nc6 8.
Nf4 Bf7 9. a3 O-O-O 10. Qd2 g6 11. O-O-O Bh6 12. Bb5 Qd6 13. h4 Bxf4 14. exf4
h5 15. Bxc6 Qxc6 16. Rhe1 Rhe8 17. g3 Qc4 18. b3 Qa6 19. Kb2 Qd6 20. Rxe8 Rxe8
21. Re1 Rxe1 22. Qxe1 c5 23. Nb5 Qb6 24. Qe7 Qxb5 25. Qxf7 cxd4 26. Qxg6 Qc5
27. Qxf5+ Kc7 28. Qd3 Kd6 29. f5 Qc3+ 30. Qxc3 dxc3+ 31. Kxc3 Ke5 32. f3 Kxf5
33. Kd4 Ke6 34. g4 1-0

[Event "Sparkassen-Open A"]
[Site "Heusenstamm, Martinsee"]
[Date "2017.11.24"]
[Round "2.27"]
[White "Khanukov, Boris"]
[Black "Petiko, Nikolai"]
[Result "1/2-1/2"]
[WhiteElo "2289"]
[BlackElo "2064"]
[PlyCount "116"]
[EventDate "2017.??.??"]
[WhiteTeam "Bahn-SC Wuppertal"]
[BlackTeam "SV Breitenworbis"]

1. d4 Nf6 2. Nf3 d6 3. c4 Nbd7 4. Nc3 e5 5. g3 c6 6. dxe5 dxe5 7. Bg2 Be7 8.
O-O O-O 9. Qc2 Qc7 10. b3 Re8 11. Bb2 a5 12. Rad1 Bf8 13. e3 Nc5 14. h3 g6 15.
e4 Nfd7 16. Ne2 Ne6 17. Ne1 a4 18. Nd3 Nec5 19. Nec1 axb3 20. axb3 Nxd3 21.
Nxd3 Nc5 22. Ra1 Rxa1 23. Bxa1 f6 24. f4 Nxd3 25. Qxd3 Bc5+ 26. Kh1 Rd8 27. Qf3
Qe7 28. fxe5 fxe5 29. Bc3 Bd4 30. Bd2 Rf8 31. Qd3 Rxf1+ 32. Qxf1 Qf7 33. Kh2
Qxf1 34. Bxf1 Be6 35. Be2 Kg7 36. Kg2 Kf6 37. h4 h5 38. b4 b6 39. Kf1 Bh3+ 40.
Ke1 Bg2 41. Bd3 Bf3 42. b5 cxb5 43. cxb5 Bg4 44. Bg5+ Kf7 45. Bc4+ Be6 46.
Bxe6+ Kxe6 47. Bh6 Bc5 48. Ke2 Bd4 49. Kf3 Bc5 50. g4 Bd4 51. gxh5 gxh5 52. Ke2
Bc5 53. Bd2 Kd6 54. Bh6 Ke6 55. Bg5 Bd4 56. Kd3 Bc5 57. Kc4 Bf2 58. Bd8 Be3
1/2-1/2

[Event "Sparkassen-Open A"]
[Site "Heusenstamm, Martinsee"]
[Date "2017.11.24"]
[Round "2.28"]
[White "Sandten, Ulrich"]
[Black "Kantane, Anna"]
[Result "1/2-1/2"]
[WhiteElo "2068"]
[BlackElo "2263"]
[PlyCount "37"]
[EventDate "2017.??.??"]
[WhiteTeam "VSG Offenbach"]
[BlackTeam "vereinslos"]

1. e4 c5 2. Nf3 e6 3. d3 Nc6 4. Qe2 g6 5. g3 Bg7 6. Bg2 d6 7. O-O Nge7 8. c3
O-O 9. Rd1 e5 10. a3 Be6 11. b4 h6 12. Bb2 Qb6 13. Nbd2 Rad8 14. Nc4 Qa6 15.
Rdb1 f5 16. exf5 gxf5 17. bxc5 e4 18. Nxd6 Bd7 19. Ne1 1/2-1/2

[Event "Sparkassen-Open A"]
[Site "Heusenstamm, Martinsee"]
[Date "2017.11.24"]
[Round "2.29"]
[White "Schmitzer, Klaus"]
[Black "Weiss, Matthias"]
[Result "1-0"]
[WhiteElo "2242"]
[BlackElo "2063"]
[PlyCount "83"]
[EventDate "2017.??.??"]
[WhiteTeam "Bad Vilbeler Sfr"]
[BlackTeam "SF Schöneck"]

1. d4 Nf6 2. Bg5 d5 3. Bxf6 gxf6 4. e3 Bg7 5. c4 c6 6. Nc3 f5 7. Qb3 e6 8. Nh3
Nd7 9. cxd5 cxd5 10. Nf4 Nf6 11. Be2 O-O 12. O-O Ne4 13. Rfc1 b6 14. a4 Bd7 15.
Nb5 Bh6 16. Rc2 Bxf4 17. exf4 Qf6 18. Qe3 Rfc8 19. Rxc8+ Rxc8 20. f3 Bxb5 21.
axb5 Nd6 22. b3 Rc7 23. g3 Kf8 24. Qe5 Qxe5 25. fxe5 Nc8 26. Kf2 Ke7 27. Rb1
Rc3 28. Ke1 f6 29. Kd2 Rc7 30. f4 fxe5 31. fxe5 Kd8 32. g4 Ne7 33. Rg1 f4 34.
h4 Ng6 35. h5 Nf8 36. g5 Rg7 37. Bd3 Ke7 38. Ke2 Ke8 39. Kf3 Rc7 40. g6 hxg6
41. hxg6 Rg7 42. Kxf4 1-0

[Event "Sparkassen-Open A"]
[Site "Heusenstamm, Martinsee"]
[Date "2017.11.24"]
[Round "2.30"]
[White "Reinhard, Stefan"]
[Black "Osmanodja, Filiz"]
[Result "1-0"]
[WhiteElo "2064"]
[BlackElo "2242"]
[PlyCount "68"]
[EventDate "2017.??.??"]
[WhiteTeam "SF Dettingen"]
[BlackTeam "USV TU Dresden"]

1. d4 Nf6 2. c4 e6 3. Nc3 Bb4 4. a3 Bxc3+ 5. bxc3 h6 6. Qc2 d6 7. e4 e5 8. f3
O-O 9. Bd3 Re8 10. Be3 b6 11. Rd1 Nc6 12. Ne2 Na5 13. Ng3 Ba6 14. Qe2 Qd7 15.
O-O Qa4 16. f4 Nxc4 17. fxe5 Nxe3 18. Qxe3 Nh7 19. Bxa6 Qxa6 20. Qf4 Qc4 21. d5
f6 22. e6 Re7 23. Nf5 Rae8 24. Rf3 Ng5 25. Re3 Qa4 26. Rf1 Qxa3 27. h4 Nh7 28.
Rg3 Kh8 29. Rff3 a5 30. Rg6 Nf8 31. Nxe7 Rxe7 32. Rxf6 gxf6 33. Qxf6+ Rg7 34.
e7 Qc1+ 1-0

[Event "Sparkassen-Open A"]
[Site "Heusenstamm, Martinsee"]
[Date "2017.11.24"]
[Round "2.31"]
[White "Lisanti, Andre"]
[Black "Von Auer, Ulrich"]
[Result "1-0"]
[WhiteElo "2249"]
[BlackElo "2055"]
[PlyCount "81"]
[EventDate "2017.??.??"]
[WhiteTeam "TSV Schott Mainz"]
[BlackTeam "SF Frankfurt"]

1. d4 Nf6 2. Bg5 c5 3. d5 Ne4 4. Bc1 e6 5. Nh3 exd5 6. e3 Be7 7. Nf4 O-O 8.
Nxd5 d6 9. Nd2 Nf6 10. Nxe7+ Qxe7 11. Be2 Nc6 12. O-O Bf5 13. a3 d5 14. Re1
Rad8 15. Bf1 Rfe8 16. h3 Rd6 17. Re2 Ne5 18. b4 b6 19. bxc5 bxc5 20. a4 Rc8 21.
Bb2 h5 22. f3 h4 23. Ra3 Nh5 24. Qa1 Re6 25. e4 dxe4 26. fxe4 Bg6 27. Rf2 Rd8
28. Re3 Ng3 29. Bd3 Bh5 30. Rxg3 hxg3 31. Rf5 Nxd3 32. cxd3 Be2 33. Bxg7 Rxd3
34. Bc3 Rxe4 35. Nxe4 Qxe4 36. Rg5+ Kh7 37. Rg7+ Kh6 38. Bd2+ Rxd2 39. Qf6+ Qg6
40. Rxg6+ fxg6 41. Qf4+ 1-0

[Event "Sparkassen-Open A"]
[Site "Heusenstamm, Martinsee"]
[Date "2017.11.24"]
[Round "2.32"]
[White "Schlößner, Henrik"]
[Black "Haag, Martin"]
[Result "1/2-1/2"]
[WhiteElo "2059"]
[BlackElo "2243"]
[PlyCount "58"]
[EventDate "2017.??.??"]
[WhiteTeam "SK Gründau"]
[BlackTeam "SC Bonn Beuel"]

1. e4 c5 2. Nf3 Nc6 3. d4 cxd4 4. Nxd4 e5 5. Nb5 d6 6. N1c3 a6 7. Na3 Be7 8.
Nd5 Nf6 9. Nxe7 Nxe7 10. Bd3 Bg4 11. f3 Be6 12. c4 O-O 13. Be3 Rc8 14. O-O Nh5
15. Rf2 Nf4 16. Bf1 f5 17. Rd2 Rc6 18. c5 fxe4 19. fxe4 d5 20. Bxf4 Rxf4 21.
exd5 Nxd5 22. Nc4 Rxc5 23. Nxe5 Qf6 24. Qe2 Nc3 25. bxc3 Rxe5 26. Rd8+ Qxd8 27.
Qxe5 Qb6+ 28. Kh1 Rf5 29. Qe4 a5 1/2-1/2

[Event "Sparkassen-Open A"]
[Site "Heusenstamm, Martinsee"]
[Date "2017.11.24"]
[Round "2.33"]
[White "Kersten, Uwe"]
[Black "Mischke, Gabriel"]
[Result "1-0"]
[WhiteElo "2234"]
[BlackElo "2049"]
[PlyCount "49"]
[EventDate "2017.??.??"]
[WhiteTeam "Kasseler SK"]
[BlackTeam "TSV Schott Mainz"]

1. e4 c6 2. d4 d5 3. Nc3 dxe4 4. Nxe4 Bf5 5. Ng3 Bg6 6. h4 h6 7. Nf3 Nd7 8. h5
Bh7 9. Bd3 Bxd3 10. Qxd3 Ngf6 11. Bd2 e6 12. O-O-O Qc7 13. Qe2 O-O-O 14. Ne5
Nxe5 15. dxe5 Nd5 16. Kb1 Qb6 17. Qf3 Qc7 18. c4 Nb4 19. Bc3 Na6 20. Rxd8+ Kxd8
21. Rd1+ Kc8 22. Ne4 Nc5 23. Nd6+ Bxd6 24. exd6 Qd7 25. Bxg7 1-0

[Event "Sparkassen-Open A"]
[Site "Heusenstamm, Martinsee"]
[Date "2017.11.24"]
[Round "2.34"]
[White "Lesny, Florian"]
[Black "Prill, Daniel"]
[Result "1/2-1/2"]
[WhiteElo "2041"]
[BlackElo "2234"]
[PlyCount "71"]
[EventDate "2017.??.??"]
[WhiteTeam "SK Niederbrechen"]
[BlackTeam "SC Heitersheim"]

1. e4 c6 2. d4 d5 3. Nc3 dxe4 4. Nxe4 Nd7 5. Ng5 Ngf6 6. Bd3 e6 7. N1f3 h6 8.
Ne4 b6 9. Qe2 Bb7 10. Bd2 Nxe4 11. Bxe4 Bd6 12. O-O-O Qc7 13. Kb1 O-O-O 14.
Rhe1 Rhe8 15. Bd3 Kb8 16. Ne5 Nf6 17. g3 Bxe5 18. dxe5 Nd5 19. c4 Ne7 20. Bc3
c5 21. Bc2 Nc6 22. Qg4 g6 23. Ba4 Rxd1+ 24. Rxd1 h5 25. Qf4 Rd8 26. Rxd8+ Nxd8
27. Qd2 Bc6 28. Bc2 Kc8 29. f4 Qb7 30. a3 Be4 31. b4 Bxc2+ 32. Kxc2 Qe4+ 33.
Qd3 Qg2+ 34. Qd2 Qxd2+ 35. Kxd2 Nc6 36. b5 1/2-1/2

[Event "Sparkassen-Open A"]
[Site "Heusenstamm, Martinsee"]
[Date "2017.11.24"]
[Round "2.35"]
[White "Henrich, Thomas"]
[Black "Schulze, Lara"]
[Result "1-0"]
[WhiteElo "2216"]
[BlackElo "1988"]
[PlyCount "91"]
[EventDate "2017.??.??"]
[WhiteTeam "SK Marburg"]
[BlackTeam "SK Lehrte"]

1. e4 c5 2. Nf3 d6 3. d4 cxd4 4. Nxd4 Nf6 5. Nc3 Nc6 6. Be2 e5 7. Nxc6 bxc6 8.
Qd3 Qc7 9. Qg3 Be7 10. O-O O-O 11. Kh1 Kh8 12. f4 Nd7 13. f5 Bb7 14. Bc4 Nb6
15. Bd3 f6 16. Qh4 Rfc8 17. Rf3 Nd7 18. Bc4 Nf8 19. Rg3 d5 20. exd5 cxd5 21.
Qg4 g6 22. fxg6 Nxg6 23. Bb3 Rd8 24. Qh5 Kg8 25. Bd2 Bf8 26. Qf3 Qf7 27. Rf1
Be7 28. h4 Kh8 29. h5 Nh4 30. Qg4 f5 31. Bg5 Ba6 32. Qxh4 Bxg5 33. Rxg5 Bxf1
34. Qf2 Rg8 35. Bxd5 Rxg5 36. Bxf7 Bxg2+ 37. Kh2 Bb7 38. Qe3 f4 39. Qc5 Bf3 40.
Be6 Rxh5+ 41. Kg1 Bb7 42. Nd5 Bxd5 43. Bxd5 Re8 44. Qd6 Rg5+ 45. Kf2 Rg6 46.
Qd7 1-0

[Event "Sparkassen-Open A"]
[Site "Heusenstamm, Martinsee"]
[Date "2017.11.24"]
[Round "2.36"]
[White "Hentzgen, Thomas"]
[Black "Färber, David"]
[Result "1-0"]
[WhiteElo "2037"]
[BlackElo "2211"]
[PlyCount "87"]
[EventDate "2017.??.??"]
[WhiteTeam "USV Halle"]
[BlackTeam "SV Walldorf"]

1. d4 d5 2. c4 c6 3. Nf3 Nf6 4. Nc3 dxc4 5. a4 Bf5 6. e3 e6 7. Bxc4 Bb4 8. O-O
O-O 9. Qe2 Nbd7 10. e4 Bg6 11. e5 Nd5 12. Nxd5 cxd5 13. Bd3 Rc8 14. Bxg6 fxg6
15. Be3 Qb6 16. Ng5 Rc6 17. h4 Be7 18. g3 Rfc8 19. Qb5 Bxg5 20. hxg5 Nb8 21.
Qxb6 Rxb6 22. Rfc1 Rxc1+ 23. Rxc1 Nc6 24. a5 Rxb2 25. a6 Na5 26. Rc5 b5 27.
Rc8+ Kf7 28. Rc7+ Kg8 29. Rxa7 Ra2 30. Rc7 Nc4 31. a7 Nb6 32. Rb7 Nc8 33. Rb8
Rxa7 34. Rxc8+ Kf7 35. Rb8 Ra1+ 36. Kg2 Rb1 37. Bd2 Rb2 38. Ba5 h6 39. Bb6 Ke7
40. Bc5+ Kd7 41. Rb7+ Kc6 42. Rb6+ Kd7 43. Rd6+ Ke7 44. Rxd5+ 1-0

[Event "Sparkassen-Open A"]
[Site "Heusenstamm, Martinsee"]
[Date "2017.11.24"]
[Round "2.37"]
[White "Kuhn, Gerhard"]
[Black "Erdmann, Stefan"]
[Result "0-1"]
[WhiteElo "2035"]
[BlackElo "2194"]
[PlyCount "58"]
[EventDate "2017.??.??"]
[WhiteTeam "SK Marburg"]
[BlackTeam "SC Bad Soden"]

1. d4 d5 2. Nf3 Nf6 3. e3 g6 4. Nbd2 Bg7 5. b3 O-O 6. Bb2 Nbd7 7. Bd3 c6 8. O-O
Qc7 9. c4 Re8 10. Re1 Nh5 11. Rc1 Qa5 12. Bc3 Qd8 13. e4 dxe4 14. Nxe4 Nhf6 15.
Ng3 e6 16. Qd2 b6 17. Rcd1 Bb7 18. Qb2 Qc7 19. Bf1 Rad8 20. Qa3 c5 21. dxc5
bxc5 22. Be2 h5 23. Qb2 Re7 24. Rxd7 Rexd7 25. Bxf6 Bxf6 26. Qxf6 Bxf3 27. Bxf3
Rd4 28. Ne4 Qa5 29. Ra1 Rd1+ 0-1

[Event "Sparkassen-Open A"]
[Site "Heusenstamm, Martinsee"]
[Date "2017.11.24"]
[Round "2.38"]
[White "Mährlein, Christoph"]
[Black "Wolf, Ulrich Martin"]
[Result "1-0"]
[WhiteElo "2035"]
[BlackElo "2189"]
[PlyCount "55"]
[EventDate "2017.??.??"]
[WhiteTeam "SC Pforzheim"]
[BlackTeam "SC Hansa Dortmund"]

1. c4 f5 2. Nf3 Nf6 3. g3 g6 4. Bg2 Bg7 5. O-O O-O 6. Nc3 d6 7. d4 c6 8. d5 e5
9. dxe6 Bxe6 10. Qd3 Na6 11. Bf4 Ne8 12. b3 Qf6 13. Rac1 h6 14. Qd2 g5 15. Be3
Qg6 16. Nd4 Bd7 17. f4 Nf6 18. fxg5 Ng4 19. gxh6 Nxe3 20. hxg7 Rfe8 21. Rf4
Nxg2 22. Kxg2 Nc5 23. Rcf1 Ne4 24. Nxe4 fxe4 25. Nf5 Bxf5 26. Rxf5 Rad8 27. Qf4
Rd7 28. Rg5 1-0

[Event "Sparkassen-Open A"]
[Site "Heusenstamm, Martinsee"]
[Date "2017.11.24"]
[Round "2.39"]
[White "Sobolevsky, Leonid"]
[Black "Schweizer, Manfred"]
[Result "1-0"]
[WhiteElo "2185"]
[BlackElo "2032"]
[PlyCount "57"]
[EventDate "2017.??.??"]
[WhiteTeam "vereinslos"]
[BlackTeam "Post-SV Memmingen"]

1. e4 d6 2. d4 Nf6 3. Nc3 g6 4. f3 c6 5. Be3 b5 6. Qd2 Nbd7 7. g4 Nb6 8. a4 Nc4
9. Bxc4 bxc4 10. Nge2 h5 11. g5 Nd7 12. f4 Qa5 13. O-O Bg7 14. f5 O-O 15. Nd5
Qd8 16. Ndf4 Kh7 17. fxg6+ fxg6 18. Ne6 Rxf1+ 19. Rxf1 Qg8 20. Nxg7 Qxg7 21.
Nf4 Nf8 22. Qb4 a5 23. Qb6 e5 24. dxe5 dxe5 25. Ng2 Bb7 26. Qc5 Nd7 27. Qd6 Re8
28. Qc7 Nf8 29. Rf7 1-0

[Event "Sparkassen-Open A"]
[Site "Heusenstamm, Martinsee"]
[Date "2017.11.24"]
[Round "2.40"]
[White "Küpper, Martin"]
[Black "Chandler, Patrick"]
[Result "0-1"]
[WhiteElo "2031"]
[BlackElo "2185"]
[PlyCount "74"]
[EventDate "2017.??.??"]
[WhiteTeam "SC Fulda"]
[BlackTeam "SC Nied"]

1. e4 c5 2. c3 Nf6 3. e5 Nd5 4. d4 cxd4 5. Nf3 Nc6 6. Bc4 Nb6 7. Bb3 d5 8. exd6
e6 9. cxd4 Bxd6 10. Nc3 Nb4 11. O-O Be7 12. Ne5 O-O 13. Qg4 f5 14. Qe2 Bf6 15.
a3 N4d5 16. a4 Ne7 17. Be3 Nbd5 18. Rad1 a6 19. f4 Qb6 20. Nxd5 Qxb3 21. Nc7
Rb8 22. d5 Nxd5 23. Ba7 Nxc7 24. Bxb8 Nd5 25. a5 b6 26. Bd6 Rd8 27. Rf3 Qa4 28.
Rxd5 exd5 29. Bc7 Re8 30. axb6 Bb7 31. Qd3 Qe4 32. Rf1 d4 33. Qxe4 fxe4 34. Rd1
Be7 35. Kf1 d3 36. Nd7 Bb4 37. Kf2 e3+ 0-1

[Event "Sparkassen-Open A"]
[Site "Heusenstamm, Martinsee"]
[Date "2017.11.24"]
[Round "2.41"]
[White "Hebbering, Tom Elliot"]
[Black "Syed, Tareq"]
[Result "0-1"]
[WhiteElo "2184"]
[BlackElo "2023"]
[PlyCount "86"]
[EventDate "2017.??.??"]
[WhiteTeam "SK Gernsheim"]
[BlackTeam "SC Brett vorm Kopp"]

1. d4 Nf6 2. c4 d6 3. Nf3 c6 4. Nc3 Nbd7 5. g3 e5 6. Bg2 Be7 7. O-O O-O 8. e4
Re8 9. h3 b5 10. cxb5 cxb5 11. Nxb5 Bb7 12. Nc3 Nxe4 13. Nxe4 Bxe4 14. dxe5
dxe5 15. Re1 Bb7 16. Be3 e4 17. Nd2 Bc5 18. Rc1 Rc8 19. a3 Bxe3 20. Rxe3 Rxc1
21. Qxc1 Nf6 22. Qe1 Qd4 23. b4 g6 24. Nb3 Qb2 25. Nc5 Bd5 26. Qc3 Qxc3 27.
Rxc3 Nh5 28. b5 f5 29. Na6 Re7 30. a4 f4 31. Nb4 Bb7 32. Nc6 Re8 33. g4 e3 34.
fxe3 fxe3 35. Kf1 Nf4 36. Bf3 Nxh3 37. a5 Ng5 38. Bd5+ Kf8 39. Ke2 Nh3 40. Bf3
Ng1+ 41. Kf1 Nxf3 42. Ke2 Bxc6 43. bxc6 Nd4+ 0-1

[Event "Sparkassen-Open A"]
[Site "Heusenstamm, Martinsee"]
[Date "2017.11.24"]
[Round "2.42"]
[White "Wolff, Michael"]
[Black "Pitzanti, Matteo"]
[Result "0-1"]
[WhiteElo "1951"]
[BlackElo "2182"]
[PlyCount "64"]
[EventDate "2017.??.??"]
[WhiteTeam "Ford SF Köln"]
[BlackTeam "Famiglia Leganese ASD"]

1. e4 c6 2. d4 d5 3. f3 e6 4. Nc3 Bb4 5. Bf4 b6 6. Qd3 Ba6 7. Qe3 Bxf1 8. Kxf1
Nf6 9. Nge2 O-O 10. h4 dxe4 11. Nxe4 Nd5 12. Qc1 Nxf4 13. Qxf4 Na6 14. h5 h6
15. Kf2 f5 16. N4c3 Bd6 17. Qc1 e5 18. dxe5 Bxe5 19. f4 Bd6 20. Kf3 Re8 21. Rd1
Qf6 22. Qd2 Bc5 23. g3 Re3+ 24. Qxe3 Bxe3 25. Kxe3 Re8+ 26. Kf3 Qf7 27. Rh1 Nb4
28. Nd4 c5 29. Ndb5 Nxc2 30. Rad1 Qb7+ 31. Kf2 Ne3 32. Nd6 Qg2+ 0-1